Human-Wildlife Conflicts

Λεπτομέρειες βιβλιογραφικής εγγραφής
Μορφή: Ηλεκτρονική πηγή Επιστημονικό περιοδικό
Γλώσσα:English
Έκδοση: Utah State University - Berryman Institute
Θέματα:
Διαθέσιμο Online:Full text available on JSTOR[2007-04-01 - 2009-10-01]
Off-campus access
LEADER 01085cas a2200217 a 4500
001 AALejournalJSTOR000511
008 230228c9999 xx r poo 0 0eng d
022 |a 1934-4392 
022 |a 1936-8046 
040 |a BD-DhAAL  |c BD-DhAAL 
245 0 0 |h [electronic resource]  |a Human-Wildlife Conflicts 
260 |b Utah State University - Berryman Institute 
300 |a 1 online resource 
362 0 |a Vol. 1,  |a no. 1 
500 |a <strong>Off-Campus Access:</strong> Athens ID and Password Required 
500 |a <strong>On-Campus Access:</strong> No User ID or Password Required 
506 |a Electronic access restricted to authorized BRAC University faculty, staff and students 
538 |a Mode of access: Internet 
650 4 |a Ecology & Evolutionary Biology ; Environmental Science ; Science & Mathematics ; Social Sciences ; Sustainability 
856 4 0 |z Full text available on JSTOR[2007-04-01 - 2009-10-01]  |u https://www.jstor.org/journal/humawildconf 
856 4 0 |z Off-campus access  |u https://go.openathens.net/redirector/bracu.ac.bd?url=https%3A%2F%2Fwww.jstor.org%2Fjournal%2Fhumawildconf